Biện pháp quản lý công tác giáo dục học sinh chưa ngoan ở các trường THPT trên địa bàn TPTrà Vinh
Cơ sở lý luận của quản lý công tác giáo dục học sinh chưa ngoan ở các trường THPT; Thực trạng quản lý công tác giáo dục học sinh chưa ngoan ở các trường THPT trên địa bàn thành phố Trà Vinh; Các biện pháp quản lý công tác giáo dục học sinh chưa ngoan ở các trường THPT trên địa bàn thành phố Trà Vinh...
সংরক্ষণ করুন:
| প্রধান লেখক: | |
|---|---|
| অন্যান্য লেখক: | |
| বিন্যাস: | গ্রন্থ |
| ভাষা: | Vietnamese |
| প্রকাশিত: |
Đà Nẵng
Đại học Đà Nẵng
2013
|
| বিষয়গুলি: | |
| ট্যাগগুলো: |
ট্যাগ যুক্ত করুন
কোনো ট্যাগ নেই, প্রথমজন হিসাবে ট্যাগ করুন!
|
| Thư viện lưu trữ: | Mạng thư viện Đại học Đà Nẵng |
|---|
| LEADER | 01909nam a2200349 4500 | ||
|---|---|---|---|
| 001 | 000019377 | ||
| 003 | 15812 | ||
| 005 | 20140421140444.0 | ||
| 008 | 140421s2013 viesd | ||
| 041 | |a vie | ||
| 082 | 1 | 4 | |a 373.18 |b CH-T |
| 100 | |a Châu Hạnh Thùy | ||
| 245 | |a Biện pháp quản lý công tác giáo dục học sinh chưa ngoan ở các trường THPT trên địa bàn TPTrà Vinh |c Châu Hạnh Thùy ; Huỳnh Thị Thu Hằng hướng dẫn. |k Luận văn Thạc sĩ | ||
| 260 | |a Đà Nẵng |b Đại học Đà Nẵng |c 2013 | ||
| 300 | |a 110 tr., phụ lục 7 tr. |c 29 cm. |e Tóm tắt | ||
| 500 | |a Luận văn thạc sĩ Quản lý giáo dục. Chuyên ngành: Quản lý giáo dục. Mã số: 60.14.05. | ||
| 520 | |a Cơ sở lý luận của quản lý công tác giáo dục học sinh chưa ngoan ở các trường THPT; Thực trạng quản lý công tác giáo dục học sinh chưa ngoan ở các trường THPT trên địa bàn thành phố Trà Vinh; Các biện pháp quản lý công tác giáo dục học sinh chưa ngoan ở các trường THPT trên địa bàn thành phố Trà Vinh... | ||
| 650 | 0 | 4 | |a Giáo dục trung học |v Luận văn tốt nghiệp |x Quản lí |x Giáo dục đặc biệt |z Trà Vinh |
| 653 | |a Quản lý giáo dục | ||
| 653 | |a Giáo dục đặc biệt | ||
| 653 | |a Giáo dục trung học | ||
| 700 | 1 | |a Huỳnh Thị Thu Hằng |c TS. |e Hướng dẫn | |
| OWN | |a LSP | ||
| AVA | |a UDN50 |b LSP |d 373.18 CH-T |e available |t Error 5001 Not defined in file expand_doc_bib_avail. |f 1 |g 0 |h N |i 0 |k 1 | ||
| 999 | |a From the UDN01 | ||
| AVA | |a UDN50 |b LSP |d 373.18 CH-T |e available |t Error 5001 Not defined in file expand_doc_bib_avail. |f 1 |g 0 |h N |i 0 |k 1 | ||
| TYP | |a Monograph | ||
| TYP | |a Printed language | ||
| 980 | |a Mạng thư viện Đại học Đà Nẵng | ||